| 000 | 00947nam a22003017a 4500 | ||
|---|---|---|---|
| 001 | 4825 | ||
| 003 | FISKH | ||
| 005 | 20241016161402.0 | ||
| 008 | 241016b cb ||||| |||| 00| 0 eng d | ||
| 020 | _a9780439795692 | ||
| 040 |
_aFISKH _beng _cFISKH _dFISKH |
||
| 050 | _aPZ7.L3274 | ||
| 082 | _a813.6 | ||
| 100 | _aLasky, Kathryn | ||
| 245 |
_aThe Coming of Hoole / _cby Kathryn Lasky |
||
| 250 | _aFirst printing, July 2006 | ||
| 260 |
_aNew York ; _bScholastic ; _c2006 . |
||
| 300 |
_a210 pages : _billustrations ; _c20 cm . |
||
| 490 |
_aGuardians of Ga'hoole _vBook 10 |
||
| 505 | _aS | ||
| 520 | _aSoren and Coryn read the ancient legends of Ga'Hoole in order to find a way to prevent the victory of evil in their present world. | ||
| 521 | 8 |
_a800
_bLexile estimate |
|
| 521 | 8 |
_aS
_bRaz-Plus |
|
| 650 |
_aanimals _vfiction |
||
| 700 |
_aScott, Steve _eDesigner |
||
| 942 |
_2ddc _cBK _n0 |
||
| 999 |
_c4825 _d4825 |
||